000
00255nam a2200109Ia 4500
008
190914s9999||||xx |||||||||||||| ||und||
100
_a
Derek L Walker
245
0
_a
Operations Management
260
_a
London
_b
Addison
_c
1970
300
_a
350
942
_c
BK
999
_c
8490
_d
8490